000
00317nam a2200133Ia 4500
005
20260328104339.0
008
260328s9999||||xx |||||||||||||| ||und||
100
_a
Londoño, Francisco
245
0
_a
La Guadua /
_c
Francisco Londoño
260
_b
Bedout
300
_a
1970 p.
650
_a
ARQUITECTURA
942
_c
BK
999
_c
12031
_d
12031